Biggest to smallest country in Europe - Statistics

General Stats
  • This quiz has been taken 101 times
  • The average score is 25 of 45
Answers on the Map
Answers color-coded by a green-red scale on the quiz's map according to % correct below.
 
Answer Stats
Answer % Correct
1 Russia
100%
2 Ukraine
95%
3 France
93%
5 Sweden
90%
8 Finland
89%
7 Germany
89%
6 Norway
89%
4 Spain
89%
9 Poland
85%
13 Belarus
84%
10 Italy
84%
11 United Kingdom
84%
12 Romania
82%
14 Greece
77%
15 Bulgaria
74%
16 Iceland
64%
17 Hungary
62%
18 Portugal
56%
19 Austria
54%
21 Serbia
54%
20 Czech Republic
51%
22 Ireland
49%
24 Latvia
48%
23 Lithuania
48%
39 Luxembourg
41%
45 Vatican City
41%
40 Andorra
39%
26 Bosnia and Herzegovina
39%
25 Croatia
39%
41 Malta
39%
42 Liechtenstein
38%
44 Monaco
38%
43 San Marino
38%
28 Estonia
36%
38 Kosovo
36%
27 Slovakia
34%
37 Montenegro
30%
31 Switzerland
30%
29 Denmark
28%
30 Netherlands
28%
34 Albania
26%
33 Belgium
26%
35 North Macedonia
26%
32 Moldova
25%
36 Slovenia
25%
No matching quizzes found
Score Distribution
Percent of People with Each Score
Percentile by Number Answered
Your Score History
You have not taken this quiz